Eurovision 2026 Artists by Picture - Statistics

General Stats
  • This quiz has been taken 197 times
  • The average score is 10 of 12
Answer Stats
Picture Answer % Correct
LOOK MUM NO COMPUTER | United Kingdom
100%
Akylas | Greece
96%
Alis | Albania
96%
Antigoni | Cyprus
95%
COSMÓ | Austria
95%
LELÉKA | Ukraine
95%
Eva Marija | Luxembourg
94%
ALICJA | Poland
93%
Vanilla Ninja | Estonia
92%
Jonas Lovv | Norway
91%
Monroe | France
91%
Veronica Fusaro | Switzerland
91%
ESSYLA | Belgium
90%
AIDAN | Malta
89%
Delta Goodrem | Australia
89%
LAVINA | Serbia
89%
DARA | Bulgaria
88%
LELEK | Croatia
88%
SENHIT | San Marino
88%
SIMÓN | Armenia
88%
Satoshi | Moldova
87%
Søren Torpegaard Lund | Denmark
87%
Lion Ceccah | Lithuania
86%
Noam Bettan | Israel
86%
Bzikebi | Georgia
85%
JIVA | Azerbaijan
85%
Sal Da Vinci | Italy
85%
Alexandra Căpitănescu | Romania
84%
FELICIA | My System
83%
Atvara | Latvia
82%
Daniel Žižka | Czechia
82%
Bandidos do Cante | Portugal
76%
Tamara Živković | Montenegro
75%
Sarah Engels | Germany
69%
Linda Lampenius x Pete Parkkonen | Finland
65%
No matching quizzes found
Score Distribution
Percent of People with Each Score
Percentile by Number Answered
Your Score History
You have not taken this quiz